000 00461nam a2200157Ia 4500
005 20250225114944.0
008 231217s9999 xx 000 0 und d
020 _a9788184041446
082 _a005.1 WOO;1 R
100 _aWoods, Dan. Mattern, Thomas
245 0 _aEnterprises SOA : designinig IT for business innovation
260 _c2006
_bShroff
_aMumbai
300 _axv+433
650 _aEnterprises,SOA,:,designinig,business,innovation
942 _cAA
999 _c180628
_d180628